Countdown: 'Dictionary Corner' Celebrities Quiz Stats

 Plays Quiz not verified by Sporcle

Challenge
Share
Tweet
Embed
Score 0/10 Timer 10:00
0 Plays Today
No. appearances Answer % Correct
299Gyles Brandreth
100%
168Richard Digance
50%
117Bill Tidy
50%
239Richard Stilgoe
33.3%
165Geoffrey Durham
33.3%
184Nigel Rees
16.7%
176Philip Franks
16.7%
152Martin Jarvis
16.7%
134Jan Harvey
16.7%
121Tom O'Connor
16.7%

You're not logged in!

Compare scores with friends on all Sporcle quizzes.
Join for Free
OR
Log In

You Might Also Like...

Show Comments

Extras

Top Quizzes Today


Score Distribution

Your Account Isn't Verified!

In order to create a playlist on Sporcle, you need to verify the email address you used during registration. Go to your Sporcle Settings to finish the process.

Report this User

Report this user for behavior that violates our Community Guidelines.

Details: